| 000 | 01053nam a22002057a 4500 | ||
|---|---|---|---|
| 003 | JO-AjAnu | ||
| 005 | 20250929132245.0 | ||
| 008 | 250928b jo ||||| |||| 00| 0 ara d | ||
| 040 |
_aJO-AjAnu _bara _cJO-AjAnu _dJO-AjAnu _erda |
||
| 041 | 0 |
_aara _hara |
|
| 050 |
_aK2205 _b2025 |
||
| 100 | 1 |
_aالجبالي، ختام عبدالسلام محمود _eمعد _966668 |
|
| 245 | 0 |
_aمسؤولية الدولة عن أخطاء موظفيها = State responsibility for the mistakes of its employees / _cاعداد ختام عبدالسلام محمود الجبالي ؛ اشراف محمد فريحات |
|
| 260 | _a2025 | ||
| 300 | _a141 ورقة | ||
| 504 | _aرسالة جامعية( رسالة ماجستير في القانون) - جامعة عجلون الوطنية، (عجلون، الاردن) كلية الحقوق، قسم القانون، 2025. | ||
| 650 | 7 | 0 |
_aالمسؤولية الحكومية- الموظفون- قوانين- الاردن. _966669 |
| 700 | 1 |
_aفريحات، محمد شفيق _dمشرف _965254 |
|
| 942 |
_2lcc _cTHS _n0 |
||
| 999 |
_c33995 _d33995 |
||